| 000 | 00803nam a2200217 a 4500 | ||
|---|---|---|---|
| 005 | 20210223125033.0 | ||
| 008 | 030627s1987 mx r 000 0 spa d | ||
| 020 | _a9682918979 | ||
| 035 | _aUPN01000126999 | ||
| 049 | _aSEP | ||
| 050 | 4 |
_aZ1427 N8 _bB52 |
|
| 245 | 0 | 0 |
_aBibliografía básica de los estados del noroeste de la República Mexicana : _bNuevo León, Tamaulipas / _ccomp. Manuel Uribe Muñiz. |
| 260 |
_aMéxico : _bSEP, Dirección General de Bibliotecas, _c1987. |
||
| 300 | _a112 p. | ||
| 440 | 0 | _aBibliografías básicas de los Estados de la República Mexicana : región noreste | |
| 651 | 4 |
_aMEXICO - _vBIBLIOGRAFIA _922805 |
|
| 651 | 4 |
_aNUEVO LEON - _vBIBLIOGRAFIA _922806 |
|
| 651 | 4 |
_aTAMAULIPAS - _vBIBLIOGRAFIA _922807 |
|
| 700 | 1 |
_aUribe Muñiz, Manuel, _ecomp. |
|
| 905 | _aLibro | ||
| 999 |
_c99178 _d99178 |
||